Estadísticas para Países con 5 letras

Haz click aquí para tomar la prueba!

Estadísticas generales

  • Esta prueba ha sido tomada 9.871 veces
    (9.859 desde el último reinicio)
  • La puntuación promedio es 15 de 24

Estadísticas de respuestas

ContinentCountry% Correcto
South AmericaChile
91%
AsiaChina
88%
AsiaJapón
74%
North AmericaHaití
69%
Suiza
66%
EuropeMalta
62%
Rusia
62%
AsiaIndia
61%
AfricaLibia
61%
OceaniaTonga
59%
AsiaNepal
58%
AfricaNíger
58%
Bután
57%
OceaniaSamoa
57%
AfricaSudán
57%
Túnez
57%
AfricaGhana
56%
AsiaSiria
56%
AsiaYemen
55%
AfricaKenia
54%
OceaniaNauru
54%
AsiaCatar
52%
AfricaBenín
50%
AfricaGabón
50%

Distribución de puntuación

Porcentaje por número respondido

Porcentaje de gente con cada puntuación

Historial de tus puntuaciones

No has tomado esta prueba desde el último reinicio